The registration act (xvi of 1908) (Record no. 542567)
[ view plain ]
| 000 -LEADER | |
|---|---|
| fixed length control field | 00556nam a22001697a 4500 |
| 082 ## - DEWEY DECIMAL CLASSIFICATION NUMBER | |
| Classification number | 346.499104 |
| Author Mark | SHA |
| -- | N-01, p-156 |
| 100 ## - MAIN ENTRY--PERSONAL NAME | |
| Personal name | Mahmood. shaukat, Shaukat, Nadeem |
| 9 (RLIN) | 35283 |
| 245 ## - TITLE STATEMENT | |
| Title | The registration act (xvi of 1908) |
| Statement of responsibility, etc. | Mahmood. shaukat, Shaukat, Nadeem |
| 250 ## - EDITION STATEMENT | |
| Edition statement | 6th ed. |
| 260 ## - PUBLICATION, DISTRIBUTION, ETC. | |
| Place of publication, distribution, etc. | Lahore |
| Name of publisher, distributor, etc. | Legal Research Centre |
| Date of publication, distribution, etc. | 2007 |
| 300 ## - PHYSICAL DESCRIPTION | |
| Extent | vii, 359 p.: |
| 526 ## - STUDY PROGRAM INFORMATION NOTE | |
| Program name | 0 |
| Interest level | 0 |
| Reading level | 0 |
| Title point value | 346_499104000000000_SHA |
| 526 ## - STUDY PROGRAM INFORMATION NOTE | |
| Program name | 0 |
| Interest level | 0 |
| Reading level | 0 |
| Title point value | 346_499104000000000_SHA |
| 650 ## - SUBJECT ADDED ENTRY--TOPICAL TERM | |
| Topical term or geographic name entry element | NUST |
| 9 (RLIN) | 6342 |
| 700 ## - ADDED ENTRY--PERSONAL NAME | |
| Personal name | Mahmood. shaukat, Shaukat, Nadeem |
| 9 (RLIN) | 35283 |
| 942 ## - ADDED ENTRY ELEMENTS (KOHA) | |
| Source of classification or shelving scheme | |
| Koha item type | Book |
| Withdrawn status | Lost status | Source of classification or shelving scheme | Damaged status | Not for loan | Permanent Location | Current Location | Date acquired | Total Checkouts | Full call number | Barcode | Date last seen | Price effective from | Koha item type |
|---|---|---|---|---|---|---|---|---|---|---|---|---|---|
| Military College of Engineering (MCE) | Military College of Engineering (MCE) | 02/03/2014 | 346.499104 SHA | MCE-39177 | 02/03/2014 | 02/03/2014 | Book | ||||||
| Military College of Engineering (MCE) | Military College of Engineering (MCE) | 02/03/2014 | 346.499104 SHA | MCE-39176 | 02/03/2014 | 02/03/2014 | Book |
